1517 1996 1726 1360 1185 1353 1321 1502 1112 1504 1009 1037 1081 1104 1333 1604 1536 1641 1712 1815 1850 1927 1128 1084 1176 1138 1107 1946 1741 1554 1112 1924 1757 1911 1565 1365 1893 1586 1721 1262 1259 1083 1576 1555 1079 1390 1267 1840 1879 1492 1474 1858 1149 1389 1113 1769 1051 1739 1882 1945 1403 1151 1649 1694 1741 1971 1043 1582 1270 1064 1623 1756 1686 1303 1789 1528 1583 1862 1670 1759 1743 1626 1557 1980 1179 1211 1877 1477 1462 1129 1027 1442 1336 1842 1860 1416 1330 1389 1250 BCNSPRNW ULIB Ver.6.0+V

เปลี่ยนเป็นภาษาไทย

Change to English
 แสดงรายละเอียดบรรณานุกรม
  กลับหน้าหลัก

Brief Record : Get Marc (ISO 2709) : E-mail record : QR code < ปิดหน้าต่าง
LEADER : 00000nam 2200000uu 4500
001    13399115241
003     ULIB
008    120806s2551||||th 000 0 tha d
020    ^a9789749901328
060 04 ^aWD300^bพ693ร 2551
100 0  ^aพิพัฒน์ ชูวรเวช
245 10 ^aรู้ทันอันตรายโรคภูมิแพ้ ป้องกันได้ รักษาหาย ด้วยตนเอง/^cพิพัฒน์ ชูวรเวช,นพมาศ ชูวรเวช
250    ^aพิมพ์ครั้งที่ 2
260    ^aนนทบุรี :^bสนุกอ่าน,^c2551
300    ^a269 หน้า :^bภาพประกอบ
650  7 ^aภูมิแพ้
700 0  ^aนพมาศ ชูวรเวช
945    ^p185^l0^i15339
945    ^p185^l0^i15338
995    ^aกัณชพร
999    ^aใช้งานได้ทุกระบบ
รายการนี้ยังไม่มีแท็ก
คุณยังไม่ได้ล็อกอิน คุณสามารถมีกิจกรรมร่วมกับเว็บไซต์ได้ แต่ต้องล็อกอินก่อน ::
  ล็อกอิน

รายการสื่อสารสนเทศ

ลำดับที่ ประเภท เลขเรียก/บาร์โค้ด สถานที่ สถานะ
1. วิทยาศาสตร์การแพทย์ และสุขภาพ
วิทยาศาสตร์การแพทย์ และสุขภาพ
WD300 พ693ร 2551  
  Barcode: 15339
ห้องสมุดวิทยาเขตสวรรค์ประชารักษ์
►ส่วนจัดเก็บหนังสือเก่า สปร
บนชั้น
  ขอยืม
2. วิทยาศาสตร์การแพทย์ และสุขภาพ
วิทยาศาสตร์การแพทย์ และสุขภาพ
WD300 พ693ร 2551 ฉ.2 
  Barcode: 15338
ห้องสมุดวิทยาเขตสวรรค์ประชารักษ์
►ส่วนจัดเก็บหนังสือเก่า สปร
บนชั้น
  ขอยืม

รายการใกล้เคียง
    ผู้แต่ง [พิพัฒน์ ชูวรเวช]

    หัวเรื่อง [ภูมิแพ้]

BibComment


ยังไม่เคยถูกคอมเมนท์

คอมเมนท์ทรัพยากรรายการนี้
  คอมเมนท์: รู้ทันอันตรายโรค..


 Copyright 2026. Bcnsprnw @Library